Theologen der dritten welt: elf biographische Skizzen aus Afrika, Asien und Lateinamerika
Uloženo v:
| Hlavní autor: | |
|---|---|
| Médium: | Kniha |
| Jazyk: | němčina |
| Vydáno: |
Múnich
Beck
1982
|
| Vydání: | 1a. ed |
| Témata: | |
| Tagy: |
Přidat tag
Žádné tagy, Buďte první, kdo vytvoří štítek k tomuto záznamu!
|
MARC
| LEADER | 00000cam a2200000 a 4500 | ||
|---|---|---|---|
| 001 | UCE6916 | ||
| 003 | CL-VaPUC | ||
| 008 | 150514e19820000gw |||||||||||||||||ger|d | ||
| 020 | |a 3406084605 | ||
| 082 | 0 | 4 | |a 261.8 |b WAL |2 21 |
| 100 | 0 | |a Waldenfels, Hans |e author |9 579618 | |
| 245 | 1 | 0 | |a Theologen der dritten welt: elf biographische Skizzen aus Afrika, Asien und Lateinamerika |
| 250 | |a 1a. ed | ||
| 300 | |a 197 p | ||
| 942 | |c BK | ||
| 945 | |d 20150514 13:01:00 |a arojas | ||
| 260 | |a Múnich |b Beck |c 1982 | ||
| 650 | 0 | |a Cristianismo |9 257361 | |
| 650 | 0 | |a Teología de la liberación |9 255471 | |
| 650 | 0 | |a Teólogos |9 321227 | |
| 651 | 0 | |a África |9 256790 | |
| 651 | 0 | |a Asia |9 268338 | |
| 651 | 0 | |a Latinoamérica |9 316393 | |
| 583 | |a last modification |c 20150514 13:01:00 |k Rodrigo Vera | ||
| 999 | |c 359087 |d 359085 | ||
| 952 | |0 0 |1 0 |3 erb |4 0 |6 261_800000000000000_WAL_1982 |7 0 |8 A |9 468113 |a BIBTEO |b BIBTEO |e Casale Rolle, Carlos Ignacio, -2014 |i 5173531 |o 261.8 WAL 1982 |p 5173531 |r 2025-01-17 |w 2019-11-23 |y BK |z Catalogado en:20150514 |k ICR | ||